[Event "Titled Tuesday 2025.04.01 Early"]
[Site "Chess.com INT"]
[Date "2025.04.01"]
[Round "8"]
[White "Movahed, Sina"]
[Black "Samsonkin, Artiom"]
[Result "0-1"]
[WhiteElo "2518"]
[BlackElo "2361"]
[WhiteFideId "-1"]
[WhiteFideId "-1"]
[PlyCount "58"]
[GameId "2164112862535620"]
[EventDate "2025.04.01"]
[EventType "swiss (blitz)"]
[EventRounds "11"]
[EventCountry "NET"]
[SourceTitle "Mega2025 Update 23"]
[Source "Chessbase"]
[SourceDate "2025.04.17"]
[SourceVersion "1"]
[SourceVersionDate "2025.04.17"]
[SourceQuality "1"]

1. e4 e6 2. d4 d5 3. e5 c5 4. c3 Nc6 5. Nf3 Bd7 6. Be2 f6 7. O-O fxe5 8. Nxe5 Nxe5 9. dxe5 Qc7 10. Re1 {is more profitable than 10.c4 at the moment. scheint profitabler als 10.c4.} O-O-O 11. Bf1 Ne7 12. a4 Nf5 13. Na3 c4 14. Nc2 $146 (14. b4 cxb3 15. Qxb3 Bc5 16. Nb5 Bxb5 17. axb5 Rhf8 18. Qa2 Kb8 19. Ba3 Bb6 20. Bxf8 Rxf8 {0-1 Moussard,J (2654)-Erigaisi,A (2710) Biel Rapid 56th 2023 (5)}) 14... Bc5 15. Nd4 Rhf8 16. Be3 Kb8 17. Qd2 Rf7 18. f3 Nxe3 19. Rxe3 g5 20. Re2 Rf5 21. Kh1 Rxe5 22. Rxe5 Qxe5 23. Re1 Qf6 24. a5 e5 25. Nc2 Bc6 26. Rd1 Kc7 27. Ne3 Qf4 28. Nxc4 Ba4 29. b4 Bxd1 0-1

[Event "Titled Tuesday 2025.04.01 Early"]
[Site "Chess.com INT"]
[Date "2025.04.01"]
[Round "9"]
[White "Samsonkin, Artiom"]
[Black "Murzin, Volodar"]
[Result "0-1"]
[WhiteElo "2361"]
[BlackElo "2658"]
[WhiteFideId "-1"]
[WhiteFideId "-1"]
[PlyCount "58"]
[GameId "2164112862630085"]
[EventDate "2025.04.01"]
[EventType "swiss (blitz)"]
[EventRounds "11"]
[EventCountry "NET"]
[SourceTitle "Mega2025 Update 23"]
[Source "Chessbase"]
[SourceDate "2025.04.17"]
[SourceVersion "1"]
[SourceVersionDate "2025.04.17"]
[SourceQuality "1"]

1. e4 c5 2. Nf3 e6 3. d4 cxd4 4. Nxd4 Nc6 5. Nc3 a6 6. a3 Qc7 7. Be3 Nf6 8. Be2 b5 9. Nxc6 dxc6 10. O-O e5 11. f4 Bd6 12. f5 Qe7 $5 {[%mdl 4] A promising side line. Eine vielversprechende Nebenvariante.} 13. Kh1 Bc5 14. Qd2 O-O $146 (14... Bb7 15. Rad1 O-O 16. g4 b4 17. Bxc5 Qxc5 18. axb4 Qxb4 19. Bf3 c5 20. Rfe1 Rac8 {½-½ Blecha,M (2232)-Folk,P (2228) CZE-chT2A 1213 Czech Republic 2012 (7.1)}) 15. Rad1 a5 16. Bxc5 Qxc5 17. Qd6 Qxd6 18. Rxd6 b4 19. Nb1 Bb7 20. Bf3 c5 21. Nd2 Rfd8 22. Nc4 Ba6 23. Rfd1 Rxd6 24. Nxd6 Kf8 25. g4 g5 26. fxg6 hxg6 27. g5 Nh7 28. h4 Ke7 29. axb4 axb4 0-1

[Event "Titled Tuesday 2025.04.01 Early"]
[Site "Chess.com INT"]
[Date "2025.04.01"]
[Round "10"]
[White "Samsonkin, Artiom"]
[Black "Domingo Nunez, Ruben"]
[Result "0-1"]
[WhiteElo "2361"]
[BlackElo "2414"]
[WhiteFideId "-1"]
[WhiteFideId "-1"]
[PlyCount "114"]
[GameId "2164112862732749"]
[EventDate "2025.04.01"]
[EventType "swiss (blitz)"]
[EventRounds "11"]
[EventCountry "NET"]
[SourceTitle "Mega2025 Update 23"]
[Source "Chessbase"]
[SourceDate "2025.04.17"]
[SourceVersion "1"]
[SourceVersionDate "2025.04.17"]
[SourceQuality "1"]

1. e4 g6 2. d4 Bg7 3. Nc3 c6 4. Nf3 d5 5. h3 dxe4 6. Nxe4 Nf6 7. Nxf6+ exf6 8. Bc4 {The main line 8.Bc4 scores better than 8.Bd3. Die Hauptvariante 8.Lc4 punktet besser als 8.Ld3.} O-O 9. O-O a5 10. Re1 Na6 11. c3 Nc7 12. Bf4 Nd5 13. Bg3 Be6 14. Bf1 Re8 15. Qd2 Qd7 16. c4 Ne7 17. Rad1 Bf8 $146 (17... Red8 18. b3 Bf8 19. a4 Nf5 20. Qb2 Bb4 21. Re2 Nxg3 22. fxg3 Qc7 23. g4 Re8 {0-1 Izeta Txabarri,F (2452)-Domingo Nunez,R (2384) Titled Tuesday intern op 20th Dec Early Chess.com INT blitz 2022 (3)}) 18. Nh2 Nf5 19. Ng4 Qd8 20. Bf4 Bb4 21. Qc1 Bxe1 22. Rxe1 h5 23. d5 cxd5 24. cxd5 Rc8 25. Qb1 hxg4 26. dxe6 gxh3 27. g4 Nd4 28. exf7+ Kxf7 29. Rxe8 Nf3+ 30. Kh1 Qxe8 31. Qd3 Qc6 32. Qb3+ Kg7 33. Qe3 Nd2+ 34. Kg1 Nxf1 35. Qxh3 Rh8 36. Qg2 Qxg2+ 37. Kxg2 Re8 38. Kxf1 Re4 39. Bd2 Rxg4 40. Bxa5 Ra4 41. Bc3 Rxa2 42. Ke2 Kf7 43. Kd3 Ke6 44. Kc4 Ra6 45. Kb5 f5 46. b4 Kd5 47. f4 Rc6 48. Be5 Ke4 49. Bb8 Kf3 50. Ka5 Kg4 51. b5 Re6 52. Kb4 g5 53. fxg5 Kxg5 54. Kc5 f4 55. Kd5 Re8 56. Kd6 Rxb8 57. Kc7 Rf8 0-1

[Event "Titled Tuesday 2025.04.01 Early"]
[Site "Chess.com INT"]
[Date "2025.04.01"]
[Round "11"]
[White "Diaz Perez, Michel Alejandro"]
[Black "Samsonkin, Artiom"]
[Result "0-1"]
[WhiteElo "2473"]
[BlackElo "2361"]
[WhiteFideId "-1"]
[WhiteFideId "-1"]
[PlyCount "76"]
[GameId "2164112862765610"]
[EventDate "2025.04.01"]
[EventType "swiss (blitz)"]
[EventRounds "11"]
[EventCountry "NET"]
[SourceTitle "Mega2025 Update 23"]
[Source "Chessbase"]
[SourceDate "2025.04.17"]
[SourceVersion "1"]
[SourceVersionDate "2025.04.17"]
[SourceQuality "1"]

1. d4 d5 2. c4 c6 3. Nc3 Nf6 4. e3 Bf5 5. Qb3 Qb6 6. c5 Qc7 7. f4 e6 8. Nf3 b6 9. cxb6 axb6 10. Be2 Nbd7 11. Bd2 Qb7 12. Rc1 Be7 13. O-O O-O 14. Ne5 Nxe5 15. fxe5 Ne4 16. Nxe4 Bxe4 17. a3 Qd7 18. Bb4 c5 19. dxc5 bxc5 20. Bxc5 Rfb8 21. Bb4 Bxb4 22. axb4 Qe7 23. b5 Qg5 24. Rf2 Qxe5 25. Qc3 Qg5 26. Bf1 h5 27. Qc7 Rf8 28. b6 Qxe3 29. b7 Rab8 30. Qxb8 Rxb8 31. Rc8+ Kh7 32. Rxb8 Qb6 33. Ba6 d4 34. Rd2 d3+ 35. Kf1 Qc7 36. Rc8 Qf4+ 37. Ke1 Qe3+ 38. Kd1 Qg1# 0-1